Half a king (Record no. 45215)

MARC details
000 -LEADER
fixed length control field 00719nam a2200217 a 4500
001 - CONTROL NUMBER
control field 18499002
008 - FIXED-LENGTH DATA ELEMENTS--GENERAL INFORMATION
fixed length control field 160922s2015 ||||||||||||||||| || u
010 ## - LIBRARY OF CONGRESS CONTROL NUMBER
LC control number 2014498754
020 ## - INTERNATIONAL STANDARD BOOK NUMBER
International Standard Book Number 9780007550227
050 ## - LIBRARY OF CONGRESS CALL NUMBER
Classification number PR 6101.B49H34
100 ## - MAIN ENTRY--PERSONAL NAME
Personal name Abercrombie, Joe
245 10 - TITLE STATEMENT
Title Half a king
Statement of responsibility, etc. Joe Abercrombie.
250 ## - EDITION STATEMENT
Edition statement Del Ray trade paperback edition.
260 ## - PUBLICATION, DISTRIBUTION, ETC.
Place of publication, distribution, etc. London
Name of publisher, distributor, etc. Harper Voyager
Date of publication, distribution, etc. 2015
300 ## - PHYSICAL DESCRIPTION
Extent 373 p.
350 ## - PRICE (NR) (BK AM CF MU VM SE) [OBSOLETE]
Price 13.14
650 #0 - SUBJECT ADDED ENTRY--TOPICAL TERM
Topical term or geographic name entry element BOYS-FICTION
650 #0 - SUBJECT ADDED ENTRY--TOPICAL TERM
Topical term or geographic name entry element People with disabilities - Fiction
650 #0 - SUBJECT ADDED ENTRY--TOPICAL TERM
Topical term or geographic name entry element Kings and rulers - Succession - Fiction
995 ## - RECOMMENDATION 995 [LOCAL, UNIMARC FRANCE]
-- 13.14
-- CBU-MAIN LIBRARY (Kitwe)
-- 1
-- AVAILABLE
-- Sep 22, 2016
-- Fiction Collection
Holdings
Withdrawn status Lost status Source of classification or shelving scheme Damaged status Not for loan Home library Current library Shelving location Date acquired Total Checkouts Full call number Barcode Date last seen Date last checked out Price effective from Koha item type
          CBU-MAIN LIBRARY, KITWE. CBU-MAIN LIBRARY, KITWE.   11/30/2022 1 PR 6101.B49H34 746798 09/18/2025 01/17/2025 11/30/2022 MONOGRAPH